| 000 | 00000nam 2200000za 4500 |
| 001 | 9.828800 |
| 003 | CaOODSP |
| 005 | 20250303104653 |
| 007 | cr ||||||||||| |
| 008 | 161208s1933 oncaobd#o f001 0 eng d |
| 040 | |aCaOODSP|beng |
| 043 | |an-cn-ns |
| 045 | |ax2x3 |
| 086 | 1 |aA12-2/162-1933E-PDF |
| 100 | 1 |aBrittain, W. H. |
| 245 | 10|aApple pollination studies in the Annapolis Valley, N.S., Canada, 1928-1932 |h[electronic resource] / |cunder the direction of W.H. Brittain. |
| 260 | |aOttawa : |bDept. of Agriculture, |c1933. |
| 300 | |a198 p. : |bill. |
| 490 | 1 |aBulletin, New series ; |vno. 162 |
| 500 | |aCover title. |
| 500 | |aErrata laid in. |
| 500 | |aHistorical publication digitized 2013 by Internet Archives [for Agriculture and Agri-Food Canada]. |
| 504 | |aIncludes bibliographical references and index. |
| 520 | 0 |a"The investigations described in the following pages grew out of a request of the Department of Agriculture of Nova Scotia and of various horticultural organizations, that a study be undertaken to determine whether the alleged destruction of pollinating insects by poison dusts and sprays was adversely affecting the set of fruit in commercial apple orchards. As a result of the initial survey, the work quickly broadened out into a study of the entire pollination problem. As indicated in the evidence presented, it was found that the hive bees of the Annapolis valley had indeed suffered great losses as a result of prevailing spraying and dusting practices. However, it was found that wild solitary bees were sufficiently abundant in most orchards during the period of the investigation, alone to effect pollination under favourable conditions. The results secured emphasized that the proper interplantingof cross-fruitful varieties was a crucial factor in the production of commercial crops"--p. 5. |
| 692 | 07|2gccst|aApples |
| 692 | 07|2gccst|aBeekeeping |
| 710 | 1 |aCanada. |bDepartment of Agriculture. |
| 830 | #0|aBulletin (Canada. Department of Agriculture)|vno. 162|w(CaOODSP)9.812039 |
| 856 | 40|qPDF|s22.46 MB|uhttps://publications.gc.ca/collections/collection_2016/aac-aafc/agrhist/A12-2-162-1933-eng.pdf |